| 000 | 00526 a2200169 4500 | ||
|---|---|---|---|
| 020 | _a0072315318 | ||
| 040 |
_aDLC _bDLC |
||
| 082 | _a658.151 | ||
| 100 | 1 | _aHiggins, Robert C. | |
| 245 | 1 | 0 |
_aAnalysis for financial management _cRobert C. Higgins. |
| 250 | _a6th ed. | ||
| 260 |
_aBoston, Mass. : _bIrwin/McGraw-Hill, _c2001. |
||
| 300 |
_axvii, 412 p. : _bill. ; _c23 cm. |
||
| 440 | 4 | _aThe Irwin/McGraw-Hill series in finance, insurance, and real estate. | |
| 650 | 0 |
_aCorporations _xFinance. |
|
| 942 |
_cBK _k658.151 HIG _2ddc |
||
| 999 |
_c8564 _d8564 |
||